Código Procesal Penal: anotaciones y concordancias, índice temático, títulos de artículos del cuerpo del código y de las normas del apéndice

Gardado en:
Detalles Bibliográficos
Autor Corporativo: Chile
Outros autores: Núñez Ojeda, Raúl Eduardo
Formato: Libro
Idioma:Lingua castelá
Publicado: Santiago, Chile: Legal Publishing; Thomson Reuters, 2017
Edición:Decimoséptima Edición.
Series:Colección de Códigos 2017
Subjects:
Tags: Engadir etiqueta
Sen Etiquetas, Sexa o primeiro en etiquetar este rexistro!

MARC

LEADER 00000cam a2200000 a 4500
001 UCD7605
003 CL-VaPUC
005 20241003092714.0
008 170331e20170000cl |||||||||||||||||spa|d
999 |c 367581  |d 367579 
020 |a 9789563468519 
040 |c Pontificia Universidad Católica de Valparaíso 
082 0 4 |a 345.8305 CHI 2017  |2 21 
110 1 |a Chile  |9 890760 
245 1 0 |a Código Procesal Penal: anotaciones y concordancias, índice temático, títulos de artículos del cuerpo del código y de las normas del apéndice 
250 |a Decimoséptima Edición.  |b Actualizada al 9 de enero de 2017. 
260 |a Santiago, Chile:  |b Legal Publishing;  |b Thomson Reuters,  |c 2017 
300 |a 288 páginas 
490 0 |a Colección de Códigos 2017 
505 |a Mensaje -Libro Primero. Disposiciones Generales. -Libro Segundo. Procedimiento Ordinario. -Libro Tercero. Recursos. -Libro Cuarto. Procedimientos Especiales y Ejecución. Apéndice: -Ley N.º 19.640. Establece la Ley Orgánica Constitucional del Ministerio Público (D.O. de 15 de octubre de 1999). -Ley N.º 19.718. Crea la Defensoría Penal Pública (D.O. de 10 de marzo de 2001). 
583 |a last modification  |c 20170331 00:58:00  |k Rodrigo Vera 
650 1 |a Derecho penal chileno  |9 891945 
650 1 |a Derecho procesal penal  |9 891946 
650 1 |a Código procesal penal  |9 432657 
650 1 |a Jurisprudencia procesal   |9 254972 
700 |a Núñez Ojeda, Raúl Eduardo  |9 891926 
942 |c BK  |2 ddc 
945 |d 20170331 00:58:00  |a dcastane 
952 |0 0  |1 0  |3 erb  |4 0  |6 345_830500000000000_CHI_2017  |7 0  |8 R  |9 482561  |a BIBDER  |b BIBDER  |i 5371252  |l 3  |m 4  |o 345.8305 CHI 2017  |p 5371252  |r 2025-03-18  |s 2025-03-18  |w 2019-11-24  |y BK_R  |z Catalogado en:20170331  |k DER